000 00458nmm a2200169Ia 4500
008 251105s9999||||xx |||||||||||||||||und||
020 _a9788481099522
041 _aspa
100 _aAppelfeld, Aharon
245 0 _aFlores de sombra
264 _a[Madrid, España] :
_bGalaxia Gutenberg,
_c2012
300 _a272 páginas
490 _aNarrativa
650 _aOther narratives
856 _uhttps://public.digitaliapublishing.com/a/28829
942 _cCF
999 _c85822
_d85822